000 02543cam a2200265 4500
999 _c96046
_d96046
001 D3929
008 090401t1968 xxu||||| |||| 00| 0 eng d
035 _a(Sirsi) u75578
041 _aeng
050 _a333.330973
245 _aEncyclopedia of real estate appraising
_brevised and enlarged
260 _aNew Jersey
_bPrentice-Hall
_c1968
300 _axviii, 1160p.
_c26cm
505 _aAppraisal theory and practice: a new look at appraisal theory and practice; market approach to value; cost approach to value; cost estimating; gathering data for appraisal; correlation, analysis and conclusion as to value; the appraisal report
505 _aAppraisal of specific types of property: appraisal of residential property; appraisal of appartment buildings; appraisal of co-operative apartment houses on leased land; appraisal of condominiums; appraising the large scale housing project; the appraiser in urban renewal; appraisal of income property - office buildings; appraisal of retail store property; appraisal of shopping centres; appraisal of bowling centres; appraisal of parking lots and garages; appraisal of industrial property; appraisal of warehouses; appraisal of chemical plants and laboratories; appraisal of rural real estate; appraisal of timber and timberland; appraisal of mineral property; appraisal of hotels and resort properties; appraisal of motels; appraisal of leaseholds and leased fees; appraisal of subdivisions; appraisal of vacant land - development analysis; appraisal of rights of way and easements; appraisal of flowage easements; appraisal of air rights
505 _aAppraisal of special use property: appraising an automobile laundry; appraisal of cemeteries; appraisal church property; appraisal of cold storage plants; appraisal of a country club; appraisal of a funeral home; gasoline service station appraisal; appraisal of hospitals and medical centres; appraisal of nursing homes; appraisal of motion picture theatres
505 _aSpecial branches of appraisal practice: appraisal for mortgage loan purposes; appraisal in condemnation proceedings; appraisal for insurance purposes; appraisal for tax purposes
505 _aAppraisal as a business of profession: who may act as an appraisaer; how to get appraisal business; how to operate and appraisal office; employment and compensation of fee appriasers
651 _aUnited Kingdom 1973
690 _aPROPERTY-PROPERTY APPRAISAL AND VALUATION
700 _aFriedman, Edith J.
942 _n0
350 _a15
948 _c04/03/1997